000 00685cam a2200181 i 4500
005 20251204093802.0
008 250721s2017 ua gr 000 0 ara d
082 1 4 _a214.5
_bس ي د
100 1 _aالسيد، مجدي فتحي
_eمؤلف.
245 1 0 _aالمسيح الدجال من البداية إلى النهاية /
_cفضيلة الشيخ مجدي فتحي السيد.
250 _aالطبعة الاولى.
264 3 1 _aالقاهرة :
_bمكتبة الصديق للنشر والتوزيع،
_c2017.
300 _a352 صفحة.
650 1 7 _aالعقيدة الديتية.
650 1 7 _aالمسيح الدجال.
942 _2ddc
_cBK
999 _c136416
_d136416